000 00383nam a22001457a 4500
005 20260311155627.0
020 _a978-0-367-62807-9
082 _a597.482WIL/L
100 _aWilson, Carole and Chu, David
_911658
245 _aLaboratory Zebrafish/
_cby Carole Wilson and David Chu
250 _a2
260 _a.-Boca Raton
_b:CRC Press
_c,2025
300 _a384p
942 _2ddc
_cBK
999 _c757518
_d757518